000 00621nam a2200217 a 4500
001 65190
003 BD-RjUL
005 20211209081409.0
008 170301s1950 enkb b 001 0 eng
035 _a(BD-RjUL)65320
040 _aDLC
_cOUN
_dBD-RjUL
_beng
041 _aeng
082 _a950
_223
_bMID 1950
245 0 4 _aThe Middle East :
_ba political and economic survey
260 _aLondon :
_bRoyal Institute of International Affairs,
_c1950
300 _axvi, 496 p. :
_bill. ;
_c23 cm.
504 _aIncludes index and Bibliography
651 0 _aMiddle East
_9191188
942 _2ddc
_cBK
999 _c65190
_d65190